Top 5 Ash Pokemon - Statistics

General Stats
  • This quiz has been taken 79 times
  • The average score is 4 of 5
Answer Stats
Hint Answer % Correct
5 Pikachu
95%
1 Greninja
91%
2 Charizard
89%
3 Sceptile
78%
4 Infernape
67%
No matching quizzes found
Score Distribution
Percent of People with Each Score
Percentile by Number Answered
Your Score History
You have not taken this quiz